How many country's is your country away from the Netherlands - Statistics

General Stats
  • This quiz has been taken 22 times
  • The average score is 42 of 56
Answer Stats
Hint Answer % Correct
1 country austria
100%
borders Belgium
100%
1 country czech republic
100%
3 country's finland
100%
borders france
100%
borders germany
100%
2 country's hungary
100%
1 country italy
100%
1 country poland
100%
2 country's russia
100%
1 country switzerland
100%
2 country's united kingdom
100%
3 country's latvia
95%
2 country's liechtenstein
95%
1 country luxembourg
95%
3 country's norway
95%
2 country's san marino
95%
2 country's slovakia
95%
1 country spain
95%
1 country andorra
89%
1 country denmark
89%
3 country's estonia
89%
3 country's ireland
89%
2 country's portugal
89%
3 country's romania
89%
2 country's slovenia
89%
3 country's croatia
84%
2 country's lithuania
84%
1 country monaco
84%
2 country's ukraine
84%
2 country's vatican city
84%
2 country's belarus
79%
3 country's moldova
74%
3 country's serbia
74%
3 country's azerbaijan
68%
3 country's georgia
68%
3 country's kazakhstan
68%
3 country's mongolia
63%
3 country's china
58%
2 country's morocco
58%
3 country's algeria
53%
3 country's north korea
53%
2 country's argentina
47%
1 country brazil
47%
2 country's colombia
47%
2 country's paraguay
47%
2 country's peru
47%
2 country's uruguay
47%
2 country's venezuela
47%
2 country's bolivia
42%
3 country's chile
42%
2 country's guyana
42%
3 country's panama
42%
1 country suriname
42%
3 country's ecuador
37%
3 country's mauritania
32%
No matching quizzes found
Score Distribution
Percent of People with Each Score
Percentile by Number Answered
Your Score History
You have not taken this quiz